000 00650nam a2200217 4500
003 OSt
005 20240718022621.0
006 a
008 240718b |||||||| |||| 00| 0 eng d
020 _a9789710445356
040 _aDWCL-HMN lib.
_cOC
082 _aFil. 647.95 V718r 2010
100 _aVillanueva, Benita V
245 _aRestaurant and cafeteria management /
260 _aManila:
_bMindshapers Co., Inc.,
_cc2010.
300 _avii,
_b228 p. : ill. ;
_c22 cm.
504 _aIncludes bibliographical references.
650 _a1. Coffee houses-Management.
650 _a2. Restaurants-Management.
942 _2ddc
_n0
_cBK - FIL
_kFil.
999 _c2348
_d2348